ARRUPE JESUIT UNIVERSITY

CORONAVIRUS -STOP THE SPREAD - CLEAN,DISINFECT,COVER

Napoleopn's death (Record no. 130158)

MARC details
000 -LEADER
fixed length control field 00408nam a22001337a 4500
008 - FIXED-LENGTH DATA ELEMENTS--GENERAL INFORMATION
fixed length control field 200121b ||||| |||| 00| 0 eng d
050 ## - LIBRARY OF CONGRESS CALL NUMBER
Classification number DC212.R5
100 ## - MAIN ENTRY--PERSONAL NAME
Personal name Richardson, Frank
9 (RLIN) 48980
245 ## - TITLE STATEMENT
Title Napoleopn's death
Remainder of title an inquest
Statement of responsibility, etc Frank Richardson
260 ## - PUBLICATION, DISTRIBUTION, ETC. (IMPRINT)
Place of publication, distribution, etc London
Name of publisher, distributor, etc William Kimber
Date of publication, distribution, etc 1974
300 ## - PHYSICAL DESCRIPTION
Extent 260p. ;
Dimensions 24cm.
600 ## - SUBJECT ADDED ENTRY--PERSONAL NAME
Personal name Napoleon 1, Emperor
Titles and other words associated with a name Death and burial
9 (RLIN) 48981
942 ## - ADDED ENTRY ELEMENTS (KOHA)
Source of classification or shelving scheme Library of Congress Classification
Item type Monograph ( Printed materials)
Holdings
Withdrawn status Lost status Source of classification or shelving scheme Damaged status Not for loan Collection code Home library Current library Shelving location Date acquired Total Checkouts Full call number Barcode Date last seen Price effective from Koha item type
    Library of Congress Classification     Main Collection ARRUPE LIBRARY ARRUPE LIBRARY Main Collection 21/01/2020   DC212.R5 46600006177 21/01/2020 21/01/2020 Monograph ( Printed materials)

 

Arrupe Library. PO Box MP320 Mt Pleasant, Harare, Zimbabwe
263 242 745411|librarian@aju.ac.zw